000 00350cam a2200145ua 4500
041 _amal
_h
082 _a894.8124
_bEZH/KI
100 _aEzhuthachan, K N .
245 _aKiranangal /
_cK N Ezuthachan.
_hTextual Documents
260 _aThrissur :
_bCurrent Books ,
_c1962.
300 _a269 ; .
504 _a
942 _cBK
999 _c5797
_d5797